• 首页
  • 本馆介绍
  • 公告通知
  • 最新文献
  • 馆藏检索
  • 电子资源
  • 读者导购
  • 参考咨询
  • 我的图书馆
  • 登录
  • 详细信息显示
  • 放入我的书架
  • 预约/预借图书
  • 作者相关作品
  • 分类相关作品
  • 丛书相关作品
  • 出版社相关作品

书目信息

  • 表格格式
  • 工作单格式
  • 卡片格式
题名:
就是爱烘焙:面包机/烤箱美食料理
    
 
作者: 犀文图书 编
分册:  
出版信息: 上海   中国纺织大学出版社  2016.03
页数: 223页
开本: 26cm
丛书名:
单 册:
中图分类: TS213.2
科图分类:
主题词: 粮食加工--食品工业 , 粮食加工
电子资源:
ISBN: 978-7-5180-2261-8
000 00639nam0 2200205 450
001 533
005 20160906082846.40
010    @a978-7-5180-2261-8@dCNY32.80
100    @a20160722d2016 km y0chiy0120 ea
101 0  @achi
102    @aCN
200 1  @a就是爱烘焙:面包机/烤箱美食料理@Ajiu shi ai hong bei:mian bao ji/kao xiang mei shi liao li@f犀文图书编@Fxi wen tu shu bian
210    @a上海@c中国纺织大学出版社@d2016.03
215    @a223页@d26cm
606 0  @a粮食加工@x食品工业
606 0  @a粮食加工
690    @aTS213.2@v4
701  0 @a犀文图书@Axi wen tu shu@4编
801  0 @aCN@b唐山师范学院图书馆@c20160722
905    @aZUCC@dTS213.2@e203
    
    就是爱烘焙:面包机/烤箱美食料理/犀文图书编.-上海:中国纺织大学出版社,2016.03
    223页;26cm
    
    
    ISBN 978-7-5180-2261-8:CNY32.80
    
●
相关链接 在E读中查询图书 在五车中查询图书 在当当中查询图书 在豆瓣中查询图书


正题名:就是爱烘焙:面包机/烤箱美食料理     索取号:TS213.2/203         预约/预借

序号 登录号 条形码 馆藏地/架位号 状态 备注
1 902283   209022831   第二样本阅览室/ [索取号:TS213.2/203] 在馆    
2 902284   209022840   第三借阅区/ [索取号:TS213.2/203] 在馆    
3 902285   209022859   第三借阅区/ [索取号:TS213.2/203] 在馆    
4 902286   209022868   第三借阅区/ [索取号:TS213.2/203] 在馆    
5 902287   209022877   第三借阅区/ [索取号:TS213.2/203] 在馆    
唐山师范学院图书馆 欢迎您!
大连网信软件有限公司© 版权所有